La ville d'Alep : étude de géographie urbaine /

محفوظ في:

المؤلف الرئيسي: Ḥamīdah, ʿAbd al-Raḥmān (مؤلف)

التنسيق: أطروحة كتاب

اللغة: French

منشور في: Paris : Université de Paris, Faculté des lettres et sciences humaines, 1959.

الموضوعات:

الوسوم: إضافة وسم

لا توجد وسوم, كن أول من يضع وسما على هذه التسجيلة!

رقم الطلب: HT169 .S952 H36

LEADER 01163nam a22003017a 4500
003 OSt
005 20250827094708.0
008 270303s1959 fr g 000 0 fre d
040 |c ARCE Library 
043 |a a-sy--- 
050 1 4 |a HT169 .S952 H36  
100 1 |6 880-01  |a Ḥamīdah, ʿAbd al-Raḥmān,  |e author 
245 1 3 |a La ville d'Alep :   |b étude de géographie urbaine /   |c Abdul-Rahman Hamide. 
264 1 |a Paris :   |b Université de Paris, Faculté des lettres et sciences humaines,   |c 1959. 
300 |a 268 p. :   |b ill. ;   |c 24 cm. 
500 |a OCLC 560022480 
500 |a The titlepage headed: Université de Paris. Faculté des Lettres et Sciences Humaines. 
502 |a Thèse (With illustrations, including maps.) 
504 |a Includes bibliographical references (p. [259]-260).  
650 0 |a City planning   |z Syria   |z Aleppo. 
651 0 |a Aleppo (Syria)  |v Biography. 
651 0 |a Aleppo (Syria)  |x Description and travel. 
651 0 |a Aleppo (Syria)  |x Intellectual life. 
651 0 |a Aleppo (Syria)   |x Economic conditions. 
880 1 |6 100-01/(3/r  |a حميدة، عبد الرحمن 
901 |a reviewed 
942 |c BK  |2 lcc 
999 |c 22114  |d 22114